[Event "AUTONOMICO C. VALENCIANA"]
[Site "Cheste"]
[Date "2010.10.10"]
[Round "5"]
[White "Capella, Gimenez Jose"]
[Black "Carbonell Bofill, Carlos Eloy"]
[Result "0-1"]
[WhiteElo "2095"]
[BlackElo "2250"]
[PlyCount "66"]
[EventDate "2010.10.07"]
[EventRounds "7"]
[EventCountry "ESP"]

1. d4 e6 2. c4 b6 3. a3 d5 4. Nc3 Ba6 5. Qa4+ c6 6. cxd5 exd5 7. g3 Nf6 8. Bg2
b5 9. Qd1 Bd6 10. Bg5 Nbd7 11. Nh3 O-O 12. O-O Re8 13. Re1 h6 14. Bf4 Bf8 15.
e4 dxe4 16. Nxe4 Nd5 17. Rc1 b4 18. Qg4 bxa3 19. bxa3 Bd3 20. Nd6 Rxe1+ 21.
Rxe1 Qa5 22. Rd1 N7f6 23. Qf3 Bg6 24. Qb3 Bh5 25. Bxd5 Nxd5 26. Rc1 Nxf4 27.
Nxf4 Bxd6 28. Nxh5 Qxh5 29. Rxc6 Rb8 30. Qc4 Bxa3 31. Rc7 Qf3 32. Rc8+ Rxc8 33.
Qxc8+ Bf8 0-1

[Event "AUTONOMICO C. VALENCIANA"]
[Site "Cheste"]
[Date "2010.10.10"]
[Round "5"]
[White "Moreno Simo, Javier"]
[Black "Alcaraz Ortega, Javier"]
[Result "1/2-1/2"]
[WhiteElo "2079"]
[BlackElo "2229"]
[PlyCount "74"]
[EventDate "2010.10.07"]
[EventRounds "7"]
[EventCountry "ESP"]

1. e4 g6 2. d4 Bg7 3. c3 d6 4. f4 Nd7 5. Nf3 a6 6. Bd3 b6 7. O-O Bb7 8. e5 e6
9. exd6 cxd6 10. Qe2 Ne7 11. Nbd2 Nf6 12. Ng5 Qd7 13. Nc4 Qc6 14. Qf3 Ned5 15.
Qh3 O-O 16. Ne3 Nxe3 17. Bxe3 h6 18. Nf3 Nd5 19. Bd2 f5 20. Qg3 Kh7 21. Rae1
Qd7 22. Qh3 Rae8 23. Re2 Nf6 24. Rfe1 Kg8 25. Qg3 Qf7 26. Nh4 Kh7 27. h3 Ne4
28. Rxe4 fxe4 29. Rxe4 Bxe4 30. Bxe4 Qf6 31. Nxg6 Kg8 32. Nxf8 Rxf8 33. Qd3 b5
34. a4 Rb8 35. axb5 axb5 36. g4 d5 37. Bg2 b4 1/2-1/2

[Event "AUTONOMICO C. VALENCIANA"]
[Site "Cheste"]
[Date "2010.10.10"]
[Round "5"]
[White "Madero, Sergio"]
[Black "Remolar Gallen, Jose"]
[Result "1-0"]
[WhiteElo "2093"]
[BlackElo "2009"]
[PlyCount "53"]
[EventDate "2010.10.07"]
[EventRounds "7"]
[EventCountry "ESP"]

1. c4 b6 2. Nc3 Bb7 3. d4 Nf6 4. Nf3 e6 5. e3 Bb4 6. Qb3 Bxc3+ 7. Qxc3 O-O 8.
Bd3 Ne4 9. Qc2 f5 10. O-O Nc6 11. a3 Ng5 12. Nxg5 Qxg5 13. f4 Qg6 14. b4 Ne7
15. Bb2 Nc8 16. b5 Qg4 17. d5 exd5 18. Rf3 Rf7 19. Rg3 Qh5 20. cxd5 Bxd5 21.
Bc4 Ne7 22. Bxd5 Nxd5 23. Qc4 c6 24. bxc6 dxc6 25. Qxc6 Rd8 26. Rc1 Qe2 27.
Qxd5 1-0

[Event "AUTONOMICO C. VALENCIANA"]
[Site "Cheste"]
[Date "2010.10.10"]
[Round "5"]
[White "Martinez Hernandez, Javier"]
[Black "Grigoriev, Ivan"]
[Result "1-0"]
[WhiteElo "1978"]
[BlackElo "2172"]
[PlyCount "91"]
[EventDate "2010.10.07"]
[EventRounds "7"]
[EventCountry "ESP"]

1. d4 Nf6 2. Nc3 c5 3. d5 e6 4. e4 d6 5. Nf3 Be7 6. Bb5+ Nbd7 7. dxe6 fxe6 8.
Ng5 O-O 9. Nxe6 Qa5 10. Nxf8 Nxf8 11. O-O Be6 12. Bg5 c4 13. Qd4 a6 14. b4 Qc7
15. Ba4 b5 16. Bxb5 axb5 17. Nxb5 Qc6 18. a4 Bf7 19. c3 Ne6 20. Qe3 Ng4 21. Qg3
Bxg5 22. Qxg4 Bf6 23. Rfd1 h5 24. Qe2 Nf4 25. Qe3 Nd3 26. f4 Kh7 27. Nd4 Bxd4
28. Qxd4 Rxa4 29. Rxa4 Qxa4 30. Rf1 Qc6 31. f5 Ne5 32. Rd1 Nd3 33. Ra1 Qe8 34.
Rf1 d5 35. exd5 Bxd5 36. f6 g6 37. Qa7+ Bf7 38. Qe7 Kg8 39. Ra1 Qc6 40. Qd8+
Qe8 41. Ra8 Qxd8 42. Rxd8+ Kh7 43. b5 Nc5 44. b6 g5 45. b7 Nxb7 46. Rd7 1-0

[Event "AUTONOMICO C. VALENCIANA"]
[Site "Cheste"]
[Date "2010.10.10"]
[Round "5"]
[White "Nicolas Zapata, Irene"]
[Black "Rubio Tent, Francisco"]
[Result "1/2-1/2"]
[WhiteElo "2027"]
[BlackElo "1965"]
[PlyCount "32"]
[EventDate "2010.10.07"]
[EventRounds "7"]
[EventCountry "ESP"]

1. d4 d5 2. c4 c6 3. Nf3 Nf6 4. g3 Bf5 5. Bg2 e6 6. O-O Bd6 7. Nc3 O-O 8. Qb3
Qb6 9. c5 Qxb3 10. axb3 Bc7 11. b4 Ne4 12. Bf4 Bxf4 13. gxf4 Nd7 14. Nxe4 Bxe4
15. Ne5 Bxg2 16. Kxg2 Nxe5 1/2-1/2

[Event "AUTONOMICO C. VALENCIANA"]
[Site "Cheste"]
[Date "2010.10.11"]
[Round "6"]
[White "Carbonell Bofill, Carlos Eloy"]
[Black "Sanchez Jerez, Emilio Miguel"]
[Result "1-0"]
[WhiteElo "2250"]
[BlackElo "2282"]
[PlyCount "97"]
[EventDate "2010.10.07"]
[EventRounds "7"]
[EventCountry "ESP"]

1. Nf3 g6 2. d4 Bg7 3. h3 c5 4. c3 b6 5. dxc5 bxc5 6. Qd5 Nc6 7. Qxc5 Nf6 8.
Nbd2 Ba6 9. e4 Bxf1 10. Kxf1 Rc8 11. g3 O-O 12. Kg2 d5 13. e5 Ne4 14. Qe3 Nxd2
15. Bxd2 e6 16. Rhe1 Qc7 17. Re2 a5 18. b3 a4 19. b4 Rb8 20. Rc1 Na7 21. Qd3
Rfc8 22. Be3 Nb5 23. Bc5 Bh6 24. Rcc2 Rd8 25. Nd4 Na3 26. f4 Nxc2 27. Nxc2 Bf8
28. Bd4 Qc4 29. Qxc4 dxc4 30. Re4 Be7 31. Kf3 Rdc8 32. g4 Kf8 33. a3 Bd8 34.
Bc5+ Be7 35. Bf2 f5 36. exf6 Bxf6 37. Bd4 Kf7 38. Bxf6 Kxf6 39. g5+ Kf7 40. Ne3
Ke7 41. Ke2 Rb7 42. f5 Rb5 43. f6+ Kf8 44. h4 h6 45. Nxc4 Rc7 46. Nd6 Rb6 47.
Rxe6 Kg8 48. Re8+ Kh7 49. Re7+ 1-0

[Event "AUTONOMICO C. VALENCIANA"]
[Site "Cheste"]
[Date "2010.10.11"]
[Round "6"]
[White "Moreno Simo, Javier"]
[Black "Garcia Fernandez, Carlos"]
[Result "0-1"]
[WhiteElo "2079"]
[BlackElo "2371"]
[PlyCount "100"]
[EventDate "2010.10.07"]
[EventRounds "7"]
[EventCountry "ESP"]

1. e4 d6 2. d4 Nf6 3. Bd3 e5 4. c3 d5 5. dxe5 dxe4 6. Bb5+ c6 7. Qxd8+ Kxd8 8.
exf6 cxb5 9. Bg5 g6 10. Nd2 Bf5 11. O-O-O Nd7 12. f3 h6 13. Be3 exf3 14. Ngxf3
Kc8 15. Nd4 Bg4 16. Rdf1 Bc5 17. Ne4 a6 18. b4 Bxd4 19. Bxd4 Kc7 20. Nc5 a5 21.
h3 Nxc5 22. bxc5 Be6 23. Rf2 b4 24. Re1 Kc6 25. Rxe6+ fxe6 26. f7 Rhf8 27. Bg7
h5 28. cxb4 axb4 29. Kb2 Kxc5 30. Kb3 Kd6 31. Bxf8+ Rxf8 32. Rf6 g5 33. Rg6
Rxf7 34. Rxg5 Rf2 35. g4 h4 36. Rh5 Rf3+ 37. Kxb4 Rxh3 38. g5 Rg3 39. Kb5 Rg2
40. a4 h3 41. Kb6 Rb2+ 42. Ka7 h2 43. a5 Ke5 44. Kb8 Kf5 45. Kc7 e5 46. Rh8
Kxg5 47. Kd6 Kf4 48. Kd5 Rd2+ 49. Kc5 e4 50. Rh7 e3 0-1

[Event "AUTONOMICO C. VALENCIANA"]
[Site "Cheste"]
[Date "2010.10.11"]
[Round "6"]
[White "Torres Sanchez, Jose"]
[Black "Navarro Diaz, Carles"]
[Result "1-0"]
[WhiteElo "2314"]
[BlackElo "2074"]
[PlyCount "117"]
[EventDate "2010.10.07"]
[EventRounds "7"]
[EventCountry "ESP"]

1. e4 e5 2. f4 Bc5 3. Nf3 d6 4. Bc4 Bg4 5. fxe5 Nc6 6. Rf1 Nxe5 7. d4 Nxc4 8.
dxc5 dxc5 9. Qe2 Ne5 10. Qb5+ Qd7 11. Qxb7 Rd8 12. Nxe5 Qd1+ 13. Kf2 Qd4+ 14.
Be3 Qxe5 15. Kg1 Nf6 16. Qc6+ Nd7 17. Nc3 O-O 18. Rae1 Rb8 19. Bc1 Nf6 20. Qa6
Bc8 21. Qe2 Rb6 22. Rf4 g5 23. Rf3 Bg4 24. Kh1 Bxf3 25. gxf3 Nh5 26. Nd5 Rh6
27. Qg2 Kh8 28. Bd2 f6 29. Bc3 Qd6 30. Nxf6 Nxf6 31. e5 Qc6 32. exf6 Rhxf6 33.
f4 Qxg2+ 34. Kxg2 gxf4 35. Re6 f3+ 36. Kf2 Kg7 37. Rc6 Kg6 38. Bxf6 Rxf6 39.
Rxc5 Rf7 40. Ra5 c6 41. b4 h5 42. Ra6 Kg5 43. Rxc6 Kg4 44. a4 h4 45. b5 Kh3 46.
a5 Rf4 47. Rc3 Ra4 48. b6 axb6 49. axb6 Ra8 50. b7 Rb8 51. Rb3 Kg4 52. c4 Kf4
53. Rxf3+ Ke4 54. Rf7 Rd8 55. Rc7 Rd2+ 56. Ke1 Rb2 57. c5 Ke3 58. Re7+ Kf3 59.
c6 1-0

[Event "AUTONOMICO C. VALENCIANA"]
[Site "Cheste"]
[Date "2010.10.11"]
[Round "6"]
[White "Alcaraz Ortega, Javier"]
[Black "Martinez Hernandez, Javier"]
[Result "1-0"]
[WhiteElo "2229"]
[BlackElo "1978"]
[PlyCount "41"]
[EventDate "2010.10.07"]
[EventRounds "7"]
[EventCountry "ESP"]

1. Nf3 Nf6 2. c4 g6 3. d4 c5 4. Nc3 Bg7 5. e4 O-O 6. Be2 b6 7. O-O Bb7 8. d5 d6
9. Bf4 Nbd7 10. Qd2 Re8 11. Rad1 a6 12. Ne1 Ne5 13. Bg3 e6 14. f4 Neg4 15. e5
dxe5 16. fxe5 Bh6 17. Bf4 Nxe5 18. Bxh6 Nfg4 19. Bxg4 Nxg4 20. dxe6 Nxh6 21.
Qxh6 1-0

[Event "AUTONOMICO C. VALENCIANA"]
[Site "Cheste"]
[Date "2010.10.11"]
[Round "6"]
[White "Sos Andreu, Erik"]
[Black "Madero, Sergio"]
[Result "1/2-1/2"]
[WhiteElo "1963"]
[BlackElo "2093"]
[PlyCount "33"]
[EventDate "2010.10.07"]
[EventRounds "7"]
[EventCountry "ESP"]

1. d4 Nf6 2. Nf3 g6 3. c4 Bg7 4. Nc3 O-O 5. e4 d6 6. Be2 e5 7. dxe5 dxe5 8.
Qxd8 Rxd8 9. Bg5 Re8 10. Nd5 Nxd5 11. cxd5 c6 12. Bc4 cxd5 13. Bxd5 Nd7 14. Ke2
Nf6 15. Bxf6 Bxf6 16. Rac1 Bg4 17. Rc7 1/2-1/2

[Event "AUTONOMICO C. VALENCIANA"]
[Site "Cheste"]
[Date "2010.10.11"]
[Round "6"]
[White "Rubio Tent, Francisco"]
[Black "Capella, Gimenez Jose"]
[Result "1/2-1/2"]
[WhiteElo "1965"]
[BlackElo "2095"]
[PlyCount "55"]
[EventDate "2010.10.07"]
[EventRounds "7"]
[EventCountry "ESP"]

1. e4 c6 2. d4 d5 3. exd5 cxd5 4. c4 Nf6 5. Nc3 Nc6 6. Bg5 e6 7. Nf3 Be7 8. c5
O-O 9. Bb5 Ne4 10. Bxe7 Qxe7 11. Qc2 Ng5 12. Nxg5 Qxg5 13. Bxc6 bxc6 14. O-O e5
15. f4 exf4 16. Qd2 Rb8 17. b3 Ba6 18. Qxf4 Qxf4 19. Rxf4 Rfe8 20. Kf2 Re6 21.
Re1 Rbe8 22. Rxe6 Rxe6 23. b4 Bc4 24. Rf3 Kf8 25. Re3 Rf6+ 26. Rf3 Rh6 27. h3
Rh4 28. Ke3 1/2-1/2

[Event "AUTONOMICO C. VALENCIANA"]
[Site "Cheste"]
[Date "2010.10.11"]
[Round "6"]
[White "Grigoriev, Ivan"]
[Black "Vieito Soria, Luis Maria"]
[Result "1-0"]
[WhiteElo "2172"]
[BlackElo "1967"]
[PlyCount "53"]
[EventDate "2010.10.07"]
[EventRounds "7"]
[EventCountry "ESP"]

1. g3 Nf6 2. Bg2 g6 3. e4 d6 4. d4 Nbd7 5. Ne2 e5 6. O-O Bg7 7. dxe5 dxe5 8. b3
O-O 9. Bb2 Re8 10. Qd2 c6 11. Na3 Nc5 12. Qe3 Qe7 13. h3 Be6 14. Rad1 Rad8 15.
c4 Qf8 16. g4 h5 17. g5 Nfd7 18. Nc2 f5 19. gxf6 Qxf6 20. f4 Bh6 21. Qg3 h4 22.
Qc3 exf4 23. Qxf6 Nxf6 24. Bxf6 Rxd1 25. Rxd1 f3 26. Bxf3 Rf8 27. Rd8 1-0

[Event "AUTONOMICO C. VALENCIANA"]
[Site "Cheste"]
[Date "2010.10.11"]
[Round "6"]
[White "Raimundo Medina, Fermin"]
[Black "Benavent Espi, Vicente"]
[Result "1-0"]
[WhiteElo "1623"]
[BlackElo "1986"]
[PlyCount "65"]
[EventDate "2010.10.07"]
[EventRounds "7"]
[EventCountry "ESP"]

1. e4 Nf6 2. e5 Nd5 3. d4 d6 4. c4 Nb6 5. exd6 cxd6 6. Nc3 g6 7. Be3 Bg7 8. Rc1
Bf5 9. Nf3 O-O 10. Bd3 Bxd3 11. Qxd3 d5 12. c5 Nc4 13. b3 Nxe3 14. fxe3 Nc6 15.
O-O a6 16. a3 e6 17. Rc2 Qd7 18. Rcf2 f6 19. e4 Rad8 20. exd5 exd5 21. b4 f5
22. Re2 Rfe8 23. b5 axb5 24. Nxb5 Re4 25. Rfe1 Rde8 26. Kh1 Qe7 27. Nc3 Qf7 28.
Ng5 Rxe2 29. Rxe2 Rxe2 30. Qxe2 Nxd4 31. Qa2 Qd7 32. Nxd5 Kh8 33. Nb6 1-0

[Event "AUTONOMICO C. VALENCIANA"]
[Site "Cheste"]
[Date "2010.10.12"]
[Round "7"]
[White "Carbonell Bofill, Carlos Eloy"]
[Black "Alcaraz Ortega, Javier"]
[Result "0-1"]
[WhiteElo "2250"]
[BlackElo "2229"]
[PlyCount "56"]
[EventDate "2010.10.07"]
[EventRounds "7"]
[EventCountry "ESP"]

1. d4 d5 2. Nf3 c6 3. e3 Nf6 4. Nbd2 g6 5. Ne5 Bg7 6. c3 O-O 7. Bd3 Nfd7 8.
Nxd7 Nxd7 9. f4 Nf6 10. h3 Bf5 11. Bxf5 gxf5 12. g4 Qd7 13. Rg1 Kh8 14. Qf3 Ne4
15. gxf5 Nd6 16. e4 dxe4 17. Nxe4 Qxf5 18. Nxd6 exd6 19. Be3 Rae8 20. Kd2 Bh6
21. Rg4 d5 22. Rag1 Re6 23. Qg3 Rg6 24. Qh4 Kg7 25. Qe7 Qe6 26. Qh4 Re8 27.
Qxh6+ Kxh6 28. f5+ Qxe3+ 0-1

[Event "AUTONOMICO C. VALENCIANA"]
[Site "Cheste"]
[Date "2010.10.12"]
[Round "7"]
[White "Sanchez Jerez, Emilio Miguel"]
[Black "Sanchez, Romero Miquel Angel"]
[Result "1/2-1/2"]
[WhiteElo "2282"]
[BlackElo "2236"]
[PlyCount "55"]
[EventDate "2010.10.07"]
[EventRounds "7"]
[EventCountry "ESP"]

1. c4 Nf6 2. Nc3 g6 3. e4 d6 4. d4 Bg7 5. Be2 O-O 6. Bg5 c5 7. d5 e6 8. dxe6
Bxe6 9. Qd2 Nc6 10. Qf4 Ne5 11. O-O-O a6 12. Nf3 h6 13. Nxe5 hxg5 14. Qxg5 Nxe4
15. Nxe4 Qxg5+ 16. Nxg5 Bxe5 17. g3 b5 18. f4 Bd4 19. Nxe6 fxe6 20. cxb5 axb5
21. Bxb5 Rfb8 22. a4 Bxb2+ 23. Kc2 Bd4 24. h4 Kf7 25. g4 Rh8 26. Rdf1 Ke7 27.
Kb3 d5 28. f5 1/2-1/2

[Event "AUTONOMICO C. VALENCIANA"]
[Site "Cheste"]
[Date "2010.10.12"]
[Round "7"]
[White "Bendayan Claros, Aaron"]
[Black "Ballester Llagaria, Luis Eduard"]
[Result "1/2-1/2"]
[WhiteElo "2186"]
[BlackElo "2047"]
[PlyCount "55"]
[EventDate "2010.10.07"]
[EventRounds "7"]
[EventCountry "ESP"]

1. d4 d5 2. Nf3 Nf6 3. c4 dxc4 4. Nc3 a6 5. a4 e6 6. e4 c5 7. d5 exd5 8. exd5
Bd6 9. Bxc4 O-O 10. O-O Bg4 11. Bg5 Re8 12. Qd3 Nbd7 13. Bxf6 Nxf6 14. Rfe1 Qd7
15. Nd2 Rxe1+ 16. Rxe1 Re8 17. Rxe8+ Qxe8 18. Qe3 Qxe3 19. fxe3 Bf5 20. e4 Bg6
21. Bd3 Be5 22. Bb1 Kf8 23. h3 Ke7 24. Kf2 h6 25. Kf3 Nd7 26. Nc4 Bc7 27. Ke3
Ne5 28. Nxe5 1/2-1/2

[Event "AUTONOMICO C. VALENCIANA"]
[Site "Cheste"]
[Date "2010.10.12"]
[Round "7"]
[White "Madero, Sergio"]
[Black "Nicolas Zapata, Javier"]
[Result "1-0"]
[WhiteElo "2093"]
[BlackElo "1924"]
[PlyCount "75"]
[EventDate "2010.10.07"]
[EventRounds "7"]
[EventCountry "ESP"]

1. c4 Nf6 2. Nc3 e5 3. Nf3 Nc6 4. g3 Nd4 5. Nxd4 exd4 6. Nb5 c5 7. d3 a6 8. Qa4
Be7 9. Bf4 O-O 10. Nd6 Nh5 11. Nxc8 Qxc8 12. Bc1 b5 13. Qb3 Qc6 14. Rg1 Rab8
15. Bg2 Qc7 16. Kf1 Nf6 17. Bf3 d5 18. cxb5 c4 19. dxc4 dxc4 20. Qd1 axb5 21.
Bf4 Bd6 22. Qxd4 Rfd8 23. Bxd6 Rxd6 24. Qf4 Rbd8 25. Kg2 Qa5 26. a4 Nd5 27. Qh4
Nb6 28. axb5 Qxb5 29. Rgb1 Na4 30. b3 Nc3 31. bxc4 Qe5 32. Rb7 g6 33. Raa7 R6d7
34. Rxd7 Rxd7 35. Rxd7 Nxe2 36. Rd8+ Kg7 37. Bxe2 Qxe2 38. Qd4+ 1-0

[Event "AUTONOMICO C. VALENCIANA"]
[Site "Cheste"]
[Date "2010.10.12"]
[Round "7"]
[White "Lamparero Arroyo, Miguel Angel"]
[Black "Sos Andreu, Erik"]
[Result "1/2-1/2"]
[WhiteElo "2091"]
[BlackElo "1963"]
[PlyCount "22"]
[EventDate "2010.10.07"]
[EventRounds "7"]
[EventCountry "ESP"]

1. e4 c5 2. Nf3 d6 3. Bb5+ Bd7 4. Bxd7+ Qxd7 5. O-O Nc6 6. d4 cxd4 7. Nxd4 Nf6
8. f3 g6 9. Be3 Bg7 10. c3 O-O 11. Na3 Rfc8 1/2-1/2

[Event "AUTONOMICO C. VALENCIANA"]
[Site "Cheste"]
[Date "2010.10.12"]
[Round "7"]
[White "Fuset Torralba, Jose Luis"]
[Black "Moreno Simo, Javier"]
[Result "1/2-1/2"]
[WhiteElo "1839"]
[BlackElo "2079"]
[PlyCount "72"]
[EventDate "2010.10.07"]
[EventRounds "7"]
[EventCountry "ESP"]

1. c4 f5 2. Nf3 Nf6 3. g3 d6 4. d4 g6 5. Bg2 Bg7 6. O-O O-O 7. Nc3 c6 8. Qb3
Kh8 9. Rd1 Qc7 10. d5 cxd5 11. cxd5 Na6 12. Nb5 Qb6 13. Be3 Nc5 14. Bxc5 Qxc5
15. Rac1 Qb6 16. Qd3 Bd7 17. Nc3 Ng4 18. e3 Ne5 19. Nxe5 Bxe5 20. Qd2 Rac8 21.
Rc2 Rc7 22. Rdc1 Rfc8 23. Nd1 Rxc2 24. Rxc2 Rxc2 25. Qxc2 Qc5 26. Qxc5 dxc5 27.
d6 b5 28. dxe7 Bd6 29. Kf1 c4 30. Ke2 Kg7 31. Bd5 Kf6 32. a4 a6 33. Bb7 b4 34.
Bxa6 Bxa4 35. Bxc4 Bxd1+ 36. Kxd1 Bxe7 1/2-1/2

[Event "AUTONOMICO C. VALENCIANA"]
[Site "Cheste"]
[Date "2010.10.12"]
[Round "7"]
[White "Navarro Diaz, Carles"]
[Black "Rubio Tent, Francisco"]
[Result "0-1"]
[WhiteElo "2074"]
[BlackElo "1965"]
[PlyCount "52"]
[EventDate "2010.10.07"]
[EventRounds "7"]
[EventCountry "ESP"]

1. d4 d5 2. f4 Nf6 3. e3 Bf5 4. Nf3 e6 5. Be2 Bd6 6. O-O Nbd7 7. Ne5 h5 8. Nd2
g6 9. c4 c6 10. Qb3 Qc7 11. Bd3 Ne4 12. cxd5 cxd5 13. Nxd7 Kxd7 14. Bxe4 Bxe4
15. Nxe4 dxe4 16. d5 Ke7 17. dxe6 f5 18. Rd1 Qb6 19. Qc3 Rhg8 20. b3 Rac8 21.
Qd2 Rgd8 22. Qf2 Kxe6 23. Qg3 Kf7 24. Qg5 Be7 25. Rxd8 Rxc1+ 26. Rxc1 Qxe3+ 0-1

[Event "AUTONOMICO C. VALENCIANA"]
[Site "Cheste"]
[Date "2010.10.12"]
[Round "7"]
[White "Jordan Martinez, David"]
[Black "Ramada Andres, Jose"]
[Result "1-0"]
[WhiteElo "2156"]
[BlackElo "1820"]
[PlyCount "67"]
[EventDate "2010.10.07"]
[EventRounds "7"]
[EventCountry "ESP"]

1. e4 d6 2. d4 a6 3. Nc3 g6 4. Be3 Bg7 5. Qd2 Nf6 6. f3 O-O 7. g4 e5 8. O-O-O
Nc6 9. d5 Nd4 10. Nce2 c5 11. Ng3 b5 12. h4 b4 13. h5 Qa5 14. Kb1 Qb6 15. Bh6
Bxg4 16. fxg4 Bxh6 17. Qxh6 Nxg4 18. Qd2 f5 19. hxg6 f4 20. Nf5 Nxf5 21. exf5
Ra7 22. Re1 Rg7 23. Bh3 Nf6 24. Nf3 e4 25. Ng5 e3 26. Qd3 Re8 27. Ne6 Rge7 28.
Rhf1 Nh5 29. f6 Nxf6 30. Rxf4 Nxd5 31. Qxd5 hxg6 32. Nc7+ Kg7 33. Nxe8+ Rxe8
34. Qf7+ 1-0